1270 1133 1975 1602 1894 1520 1657 1201 1378 1151 1064 1984 1034 1638 1563 1941 1196 1838 1907 1906 1935 1200 1746 1019 1557 1763 1616 1979 1365 1572 1273 1760 1587 1640 1036 1294 1971 1564 1896 1840 1754 1073 1347 1020 1668 1639 1104 1410 1996 1184 1596 1003 1973 1283 1150 1320 1724 1273 1445 1784 1885 1053 1822 1680 1514 1850 1343 1677 1421 1184 1081 1475 1898 1878 1040 1455 1084 1915 1973 1723 1460 1597 1427 1119 1232 1420 1808 1120 1642 1047 1659 1608 1011 1648 1117 1470 1945 1380 1340 BCNSPRNW ULIB Ver.6.0+V

เปลี่ยนเป็นภาษาไทย

Change to English
 แสดงรายละเอียดบรรณานุกรม
  กลับหน้าหลัก

Brief Record : Get Marc (ISO 2709) : E-mail record : QR code < ปิดหน้าต่าง
LEADER : 00000nam 2200000uu 4500
001    13399123636
003     ULIB
008    141021s2551||||th 000 0 tha d
020    ^a9749749450167
090    ^aนว.^bฬ111ด
100    ^aฬีฬา
245    ^aนางฟ้าในดวงใจ/^cฬีฬา
250    ^aพิมพ์ครั้งที่ 1
260    ^aกรุงเทพฯ :^bยาหยี-ยาใจ,^c2551
300    ^a292 หน้า
710 1  ^aยาหยี-ยาใจ
945    ^p390^l0^i21449
995    ^aทศพร
999    ^aทศพร เกษรทอง
รายการนี้ยังไม่มีแท็ก
คุณยังไม่ได้ล็อกอิน คุณสามารถมีกิจกรรมร่วมกับเว็บไซต์ได้ แต่ต้องล็อกอินก่อน ::
  ล็อกอิน

รายการสื่อสารสนเทศ

ลำดับที่ ประเภท เลขเรียก/บาร์โค้ด สถานที่ สถานะ
1. นวนิยาย
นวนิยาย
นว. ฬ111ด ฉ.1 
  Barcode: 21449
ห้องสมุดวิทยาเขตนครสวรรค์
►นวนิยาย:l:Fiction
บนชั้น

รายการใกล้เคียง
    ผู้แต่ง [ฬีฬา]

BibComment


ยังไม่เคยถูกคอมเมนท์

คอมเมนท์ทรัพยากรรายการนี้
  คอมเมนท์: นางฟ้าในดวงใจ ฬีฬา


 Copyright 2026. Bcnsprnw @Library